Geografie udržitelného turismu světa v ekonomických, environmentálních a multikulturních souvislostech
Salvato in:
| Autore principale: | |
|---|---|
| Ente Autore: | |
| Altri autori: | |
| Natura: | Libro |
| Lingua: | ceco |
| Pubblicazione: |
Hradec Králové
GAUDEAMUS
2011
|
| Edizione: | 6. vyd. |
| Soggetti: | |
| Tags: |
Nessun Tag, puoi essere il primo ad aggiungerne!!
|
MARC
| LEADER | 00000nam a2200000 4500 | ||
|---|---|---|---|
| 001 | 0222328 | ||
| 005 | 20240314103444.5 | ||
| 020 | |a 978-80-7435-127-3 | ||
| 041 | 0 | |a cze | |
| 044 | |a CZ | ||
| 245 | 1 | 0 | |a Geografie udržitelného turismu světa v ekonomických, environmentálních a multikulturních souvislostech |c Jiří Štyrský, Jiří Šípek |
| 250 | |a 6. vyd. | ||
| 264 | 1 | |a Hradec Králové |b GAUDEAMUS |c 2011 | |
| 300 | |a 234 s. | ||
| 610 | 2 | 0 | |a geografia |
| 610 | 2 | 0 | |a turistika |
| 610 | 2 | 0 | |a ruch cestovný |
| 610 | 2 | 0 | |a geografia sociálna |
| 610 | 2 | 0 | |a geografia hospodárska |
| 610 | 2 | 0 | |a ekológia |
| 610 | 2 | 0 | |a hospodárstvo svetové |
| 610 | 2 | 0 | |a populácia |
| 610 | 2 | 0 | |a podmienky životné |
| 610 | 2 | 0 | |a chudoba |
| 610 | 2 | 0 | |a vývoj hospodársky |
| 610 | 2 | 0 | |a porovnanie medzinárodné |
| 610 | 2 | 0 | |a prognózy |
| 610 | 2 | 0 | |a svet |
| 610 | 2 | 0 | |a Európa |
| 100 | 1 | |a Štyrský, Jiří | |
| 700 | 1 | |a Šípek, Jiří | |
| 710 | 2 | |a Univerzita Hradec Králové. Fakulta informatiky a managementu | |